000 00956nam a2200313Ia 4500
001 57285
003 CO-BoRNBP
005 20250611171704.0
007 ta
008 180109s9999 xx 000 0 und d
020 _a9788481365276
040 _aCO-BoRNBP
_bspa
_erda
_cCO-BoRNBP
041 _aspa
084 _aN FON1
100 1 _aFonseca, Rubem, 1925-
_936590
245 1 0 _aEl gran arte /
_cRubem Fonseca ; traducción Miriam Lópes Moura
250 _aPrimera edición
264 1 _aNavarra :
_bTxalaparta;2008
300 _a398 páginas ;
_c22 cm
336 _atexto
_btxt
_2rdacontent
337 _asin mediación
_bn
_2rdamedia
338 _avolumen
_bnc
_2rdacarrier
650 0 0 _aCorrupción en la literatura
_2LEMB
_960220
650 0 0 _aNovela brasileña
_2LEMB
650 0 0 _aLiteratura brasileña
_2LEMB
_935257
650 0 0 _aMujeres en la literatura
_2LEMB
_91058
700 1 _aLópes Moura, Miriam, traductora
_960221
942 _2loc
_cBK
999 _c57285
_d57285